000
00321nam a22001337a 4500
008
171002b xxu||||| |||| 00| 0 eng d
020
_a
0201087960
041
_a
eng
080
_a
159.9
100
_a
48
101
_a
PSI
245
_a
INFLUENCING ATTITUDES AND CHANGING BEHAVIOR
_c
MASLACH.E
942
_2
udc
_c
BK
999
_c
31188
_d
31188